Which is closer - Statistics

General Stats
  • This quiz has been taken 19 times
  • The average score is 7 of 14
Answer Stats
Question Answer % Correct
Honolulu Sydney
83%
Indonesia Malaysia
78%
Cape town Cairo
67%
Rio de Janeiro Quito
67%
Riyadh Kolkata
61%
Miami Canada
50%
Cape Town Perth
50%
New York Vancouver
50%
Honolulu Mexico City
44%
St. Petersburg Vladivostok
44%
Africa Canada
33%
Cyprus China
33%
San Francisco Cuba
17%
Istanbul London
17%
No matching quizzes found
Score Distribution
Percent of People with Each Score
Percentile by Number Answered
Your Score History
You have not taken this quiz